Phineas and Ferb: Candace Against the Universe Songs - Statistics

General Stats
  • This quiz has been taken 9 times
  • The average score is 8 of 13
Answer Stats
Picture Answer % Correct
Adulting
100%
Us Against the Universe
86%
Space Adventure
71%
We're Back
71%
Chop Away at My Heart
57%
Such a Beautiful Day
57%
The Universe Is Against Me
57%
This Is Our Battle Song
57%
You Are the Chosen One
57%
Girls Day Out
43%
Meet Our Leader
43%
Silhouettes
43%
Unsung Hero
43%
No matching quizzes found
Score Distribution
Percent of People with Each Score
Percentile by Number Answered
Your Score History
You have not taken this quiz